00946cam a2200253 a 4500001000500000005001700005020001800022020001500040040002300055050002400078082001400102100001700116245003300133260003500166300002400201490003500225500016100260500003200421505000800453520017100461521002000632521002000652650002000672124320231211141029.0 a9780439846769 a0439846765 aDLCcDLCdDLCbeng00aPZ7.N5897bEml 200700a[Fic]2221 aNimmo, Jenny10aEmlyn's moon /cJenny Nimmo. aNew York :bScholastic,c2008. a152 pages :c20 cm.1 aThe magician trilogy ;vBook 2 aFirst published: Great Britain : Egmont Books, 1986. 1st American edition published under the title, Orchard of the crescent moon: New York : Dutton, 1989. aSequel to: The snow spider. aR  aNia, the middle girl in a large Welsh family, discovers her own special artistic talent as she uncovers the dark secret shared by the Llewelyn and Griffiths families. a750 bLexile  aR bRaz-Plus  1aMagicvFiction.